000 00553nam a2200205Ia 4500
005 20250508170041.0
008 008 250505s9999 xx 000 0 eng d
037 _aTextual
040 _aFEDL
_beng
_cFEDL
041 _aeng
_2eng
084 _a150, PEA
_qFEDL
100 _aPeale Norman Vincent
245 0 _aPower of positive thinking
260 _aLondon, UK
_bVermilion
_c1953
300 _ax, 302p.
365 _aINR
_b125
546 _aGifted by prof. Bhartaya Baveja
942 _cTEXL
_h150, PEA
999 _c1398932
_d1398932